Countries With The Highest Population % Living In the Capital - Statistics

General Stats
  • This quiz has been taken 27 times
  • The average score is 13 of 23
Answer Stats
% Country % Correct
100 Singapore
96%
100 Vatican City
96%
100 Monaco
91%
44 Qatar
83%
36 Iceland
74%
39 Suriname
70%
56 Tuvalu
70%
32 Chile
61%
55 Kiribati
61%
30 Peru
61%
33 Estonia
57%
32 Latvia
57%
66 Marshall Islands
57%
39 Uruguay
57%
36 Jordan
52%
39 Barbados
48%
55 Djibouti
48%
67 Bahamas
39%
44 Mongolia
39%
32 São Tomé and Príncipe
39%
32 Georgia
35%
30 Montenegro
26%
30 Gabon
22%
No matching quizzes found
Score Distribution
Percent of People with Each Score
Percentile by Number Answered
Your Score History
You have not taken this quiz